| 000 | 00445nam a22001697a 4500 | ||
|---|---|---|---|
| 003 | OSt | ||
| 005 | 20180219152511.0 | ||
| 008 | 130531t xxu||||| |||| 00| 0 eng d | ||
| 050 |
_aPR 2808 _b.Sh527 1958 |
||
| 082 |
_aFIL 349.599 _bC49 1990 |
||
| 245 |
_aThe tragedy of Julius Ceasar / _cby Wiliiam Shakespeare. |
||
| 260 |
_aNY : _bThe pocket Library, _c1958 |
||
| 526 | _c1210L-1700L | ||
| 562 | _e1 | ||
| 942 |
_2lcc _cBK _kLOC |
||
| 999 |
_c19093 _d19093 |
||